[Event "Turkey IS Bank Super League 2017"]
[Site "Darica-Kocaeli"]
[Date "2017.08.04"]
[Round "11"]
[White "Ozen, Bahadir"]
[Black "Tuncer, Tuna"]
[Result "0-1"]
[WhiteElo "2315"]
[BlackElo "2274"]
[Annotator "NA"]
[PlyCount "90"]
[EventType "team-tourn"]
[EventCountry "TUR"]
[SourceTitle "playchess.com"]
[Source "ChessBase"]
[SourceQuality "1"]
[TimeControl "40/5400+30:1800+30"]

1. Nf3 {[%emt 0:00:30]} c5 {[%emt 0:01:00]} 2. g3 {[%emt 0:01:30]} d5 {[%emt 0:01:30]} 3. Bg2 {[%emt 0:00:30]} Nf6 {[%emt 0:00:30]} 4. O-O {[%emt 0:00:30]} e6 {[%emt 0:00:30]} 5. d3 {[%emt 0:00:30]} Be7 {[%emt 0:00:30]} 6. Nbd2 {[%emt 0:03:30]} Nc6 {[%emt 0:00:30]} 7. e4 {[%emt 0:00:30]} b6 {[%emt 0:00:30]} 8. Re1 {[%emt 0:00:30]} Bb7 {[%emt 0:02:30]} 9. Qe2 {[%emt 0:01:30] LiveBook: 70 Games} (9. c3 Qc7 10. Qe2 O-O 11. e5 Nd7 12. h4 b5 13. Nf1 b4 14. h5 bxc3 15. bxc3 Ba6 16. h6 g6 17. Bf4 Qa5 18. Rac1 c4 19. d4 Ba3 {1-0 (31) Hera,I (2611)-Ganguly,S (2658) Biel 2017}) 9... Nb4 {[%emt 0:00:00]} 10. Qd1 {[%emt 0:10:30]} Nc6 {[%emt 0:00:00]} 11. Qe2 {[%emt 0:07:30]} Nb4 {[%emt 0:01:30] C00: French: Unusual White 2nd moves} 12. Qd1 {[%emt 0:00:30]} O-O {[%emt 0:00:00]} 13. a3 {[%emt 0:01:30]} Nc6 {[%emt 0:00:00]} 14. exd5 {[%emt 0:00:30]} Nxd5 {[%emt 0:09:30]} 15. d4 $146 {[%emt 0:06:30]} ({Predecessor:} 15. c4 Nf6 16. Nb3 Qd7 17. Be3 Rad8 18. d4 cxd4 19. Nbxd4 Ng4 20. Nxc6 Qxc6 21. Qc2 Bf6 22. h4 Ne5 23. Qe2 Nxf3+ 24. Bxf3 Qxf3 {0-1 (20) Munoz,L (1865)-Kasperek,R Chessfriend.com 2004}) 15... cxd4 {[%emt 0:08:30]} 16. Nb3 {[%emt 0:00:00]} Bf6 {[%emt 0:05:30]} 17. Nbxd4 {[%emt 0:00:00]} Nxd4 {[%emt 0:02:30]} 18. Nxd4 {[%emt 0:00:30]} Rc8 {[%emt 0:00:30]} 19. Nb3 {[%emt 0:07:30]} Qc7 {[%emt 0:06:30]} 20. c3 {[%emt 0:00:30]} Nxc3 {[%emt 0:06:30]} 21. bxc3 {[%emt 0:00:30]} Bxg2 {[%emt 0:00:30]} 22. Kxg2 {[%emt 0:00:30]} Bxc3 {[%emt 0:00:00]} 23. Be3 {[%emt 0:06:30]} Rfd8 {[%emt 0:04:00]} 24. Qe2 {[%emt 0:03:30]} Bxe1 {[%emt 0:02:30]} 25. Rxe1 {[%emt 0:00:30]} Qc2 {[%emt 0:01:30]} 26. Nd4 {[%emt 0:11:30]} Qxe2 {[%emt 0:02:30]} 27. Rxe2 {[%emt 0:00:30]} Rc4 {[%emt 0:04:30]} 28. Nb5 {[%emt 0:01:30]} Rd7 {[%emt 0:05:30]} 29. Rb2 $17 {[%emt 0:01:30]} Kf8 {[%emt 0:09:30]} 30. Kf3 {[%emt 0:02:30]} a6 {[%emt 0:13:51]} 31. Nd4 {[%emt 0:00:30]} Rcxd4 {[%emt 0:04:57]} 32. Bxd4 {[%emt 0:00:30]} Rxd4 {[%emt 0:00:00]} 33. Rxb6 {[%emt 0:00:30]} Rd3+ {[%emt 0:00:17]} 34. Ke4 {[%emt 0:00:30]} Rxa3 {[%emt 0:00:00]} 35. f4 {[%emt 0:00:30]} Ke7 {[%emt 0:00:37]} 36. g4 {[%emt 0:01:30]} Kf6 {[%emt 0:00:40]} 37. g5+ {[%emt 0:00:30]} Kg6 {[%emt 0:00:30]} 38. h4 {[%emt 0:00:00]} Ra4+ {[%emt 0:00:16]} 39. Ke5 {[%emt 0:01:00]} Ra5+ {[%emt 0:00:30]} 40. Kd6 {[%emt 0:00:00]} Rf5 {[%emt 0:00:52]} 41. Rb4 {[%emt 0:00:00]} Kh5 {[%emt 0:00:30]} 42. Ke7 {[%emt 0:00:30]} Kxh4 {[%emt 0:00:30]} 43. Kf8 {[%emt 0:00:00]} g6 {[%emt 0:00:30]} 44. Kg7 {[%emt 0:00:00]} Kg4 {[%emt 0:00:30]} 45. Kh6 {[%emt 0:00:30]} Rxf4 {[%emt 0:00:30]} 0-1

[Event "Turkey IS Bank Super League 2017"]
[Site "Darica-Kocaeli"]
[Date "2017.08.04"]
[Round "11"]
[White "Selbes, Tarik"]
[Black "Krasenkow, Michal"]
[Result "0-1"]
[WhiteElo "2260"]
[BlackElo "2630"]
[Annotator "TA"]
[PlyCount "80"]
[EventType "team-tourn"]
[EventCountry "TUR"]
[SourceTitle "playchess.com"]
[Source "ChessBase"]
[SourceQuality "1"]

{[%evp 9,80,58,68,54,84,84,84,75,85,83,86,76,82,102,98,104,107,97,114,95,141,99,133,81,60,81,77,78,116,125,112,31,30,0,25,0,96,113,118,137,121,62,70,60,170,8,118,113,537,529,866,452,453,112,339,0,0,0,8,0,0,0,0,0,0,-22,-22,-28,-21,-1658,-1247,-29989,-29990]} 1. Nf3 d6 2. d4 Nf6 3. Nc3 Bf5 4. Bg5 Ne4 5. Nxe4 Bxe4 6. Nd2 {A46: 1 d4 Nf6 2 Nf3 e6: Torre, London and Colle Systems} Bc6 (6... Bg6 7. e4 h6 8. Bh4 d5 9. c3 dxe4 10. Qb3 Qc8 11. Bc4 c6 12. O-O {1-0 (40) Hebden,M (2490)-Cherniaev,A (2458) Vale 2015}) 7. e4 g6 $146 ({Predecessor:} 7... h6 8. Bh4 g5 9. Bg3 Bg7 10. c3 Bd7 11. h4 g4 12. h5 {½-½ (46) Baturo,T (2057)-Renkowski,P (1898) Olsztyn 2010}) 8. Bd3 {White is better.} Bg7 9. c3 O-O 10. O-O Qe8 11. f4 h6 12. Bh4 e6 13. e5 Nd7 14. Nc4 dxe5 15. fxe5 Bb5 16. a4 (16. b3 $142) 16... Bxc4 $16 17. Bxc4 c5 18. a5 cxd4 19. cxd4 Nb8 20. Ra3 (20. d5 $1 $16) 20... Nc6 $14 21. Bf6 Qd7 22. Rd3 Ne7 (22... Nxa5 $11 {keeps the balance.} 23. Ba2 Nc6) 23. Qd2 $16 Rac8 24. b3 b5 25. axb6 (25. Bxb5 $16 Qxb5 26. Bxe7) 25... axb6 $14 26. Rh3 {White wants to mate with Qxh6!} g5 {[#]} (26... h5 $1 $14) 27. Rh5 $2 ({But not} 27. Bxg7 $6 Kxg7 28. Qf2 Nf5 $14) ({White should play} 27. Bb5 $1 $18 {[%cal Rb5d7]} Qxb5 28. Bxe7) 27... Ng6 {[#]} (27... Nf5 $1 $11 {remains equal.}) 28. h4 $1 $16 {[%cal Rh4g5]} ({Not} 28. Bxg7 Kxg7 29. h4 Nxh4 $15) 28... Nxe5 $2 {[%mdl 8192]} (28... Rfd8 $16 {is a better chance.}) 29. hxg5 $18 ({Less strong is} 29. Bxg7 Kxg7 30. hxg5 Nxc4 $18) 29... Nxc4 30. bxc4 Rxc4 {White should prevent ...Bxf6.} 31. Bxg7 $2 (31. Rxh6 $18 {and the rest is easy. Intending Qd3 and mate.} Bxf6 32. gxf6 Qxd4+ 33. Qxd4 Rxd4 34. Rf3 Rd1+ 35. Kh2 Rd3 36. Rxd3 Re8 37. Rg3+ Kf8 38. Rh8#) 31... Kxg7 $16 32. gxh6+ $2 ({White must play} 32. d5 $1 $18 Kg8 33. gxh6) 32... Kh8 $11 33. d5 Rg4 34. Qb2+ Kh7 35. dxe6 Qxe6 36. Qc2+ Rg6 37. Rff5 Ra8 38. Qf2 f6 {And now ...Ra1+ would win.} 39. Rf4 $2 {[%mdl 8192]} (39. Rd5 $11) 39... Ra2 $19 40. Re4 Ra1+ {Precision: White = 40%, Black = 53%.} 0-1

[Event "Turkey IS Bank Super League 2017"]
[Site "Darica-Kocaeli"]
[Date "2017.08.04"]
[Round "11"]
[White "Isgandarova, Khayala"]
[Black "Ushenina, Anna"]
[Result "1/2-1/2"]
[WhiteElo "2257"]
[BlackElo "2458"]
[Annotator "TA"]
[PlyCount "58"]
[EventType "team-tourn"]
[EventCountry "TUR"]
[SourceTitle "playchess.com"]
[Source "ChessBase"]
[SourceQuality "1"]

{[%evp 22,58,11,0,25,0,26,19,69,36,17,29,29,16,54,0,-13,-9,-16,-22,17,10,8,8,78,38,40,0,0,0,34,0,0,0,0,0,0,0,0]} 1. e4 c5 2. Nf3 d6 3. d4 cxd4 4. Nxd4 Nf6 5. f3 e5 6. Nb3 Be6 7. c4 Nbd7 8. Be3 {B55: Sicilian: 2...d6 3 d4 cxd4 4 Nxd4 Nf6 5 f3} Rc8 9. Na3 (9. Nc3 Bxc4 10. Bxc4 Rxc4 11. Qd3 Rc6 12. O-O-O Be7 13. g4 O-O 14. Kb1 a6 15. h4 Nc5 16. Nxc5 dxc5 17. Qxd8 Rxd8 18. Rxd8+ Bxd8 {1-0 (38) So,W (2770)-Topalov,V (2761) Leuven 2016}) 9... a6 10. Be2 Be7 11. O-O O-O 12. Rc1 {LiveBook: 4 Games} Ne8 13. Qd2 g6 14. Nb1 $146 ({Find the theoretical novelty and annotate with similar games:} 14. Rfd1 Ng7 15. Nc2 Bxc4 16. Bxc4 Rxc4 {1-0 (66) Akhmetov,A (2350)-Nasuta,G (2361) Durban 2014}) 14... Ng7 15. Rfd1 f5 16. Nc3 Nf6 17. Nd5 Bxd5 18. cxd5 (18. exd5 $14 f4 19. Bf2) 18... fxe4 $11 19. fxe4 Nxe4 20. Qb4 Nc5 21. Nxc5 dxc5 22. Qxb7 Bg5 (22... Nf5 $11 {remains equal.} 23. d6 (23. Bxa6 $2 Rb8 $19) 23... Bxd6) 23. Bxg5 Qxg5 24. Bf1 (24. Kh1 $5 {[%cal Rd5d6]}) 24... Nf5 {White must now prevent ...Rb8.} 25. d6 {[#] Strongly threatening Qd5+.} ({Of course not} 25. Qxa6 Ne3 $17) 25... Qe3+ 26. Kh1 {And now Rc3 would win.} Ng3+ {The position is equal.} 27. hxg3 Qh6+ 28. Kg1 Qe3+ 29. Kh2 Qh6+ {Precision: White = 51%, Black = 52%.} 1/2-1/2

[Event "Turkey IS Bank Super League 2017"]
[Site "Darica-Kocaeli"]
[Date "2017.08.04"]
[Round "11"]
[White "Avramidou, Anastasia"]
[Black "Nomin-Erdene, Davaademberel"]
[Result "1-0"]
[WhiteElo "2247"]
[BlackElo "2373"]
[Annotator "NA"]
[PlyCount "77"]
[EventType "team-tourn"]
[EventCountry "TUR"]
[SourceTitle "playchess.com"]
[Source "ChessBase"]
[SourceQuality "1"]
[TimeControl "40/5400+30:1800+30"]

1. d4 {[%emt 0:00:30]} d5 {[%emt 0:02:00]} 2. c4 {[%emt 0:00:30]} dxc4 {[%emt 0:00:00]} 3. e3 {[%emt 0:00:00]} e5 {[%emt 0:00:00]} 4. Bxc4 {[%emt 0:01:00]} exd4 {[%emt 0:00:30]} 5. exd4 {[%emt 0:00:30]} Nf6 {[%emt 0:00:30]} 6. Nf3 {[%emt 0:00:30]} Bd6 {[%emt 0:04:30]} 7. O-O {[%emt 0:02:30]} O-O {[%emt 0:00:30]} 8. h3 {[%emt 0:00:30]} h6 {[%emt 0:00:30]} 9. Nc3 {[%emt 0:00:30]} a6 {[%emt 0:03:30] D20: Queen's Gambit Accepted: 3 e3 and 3 e4} (9... Nc6 10. Re1 Bf5 11. Bd2 a6 12. a3 Bh7 13. d5 Ne7 14. Be3 Nf5 15. Bd4 Nxd4 16. Qxd4 Re8 17. Bd3 Bxd3 18. Qxd3 {½-½ (33) Muzychuk,M (2529)-Dzagnidze,N (2570) Beijing 2014}) 10. Ne5 {[%emt 0:10:30]} Nbd7 {[%emt 0:09:30]} 11. Re1 {[%emt 0:02:30]} Nb6 {[%emt 0:08:30]} 12. Bb3 {[%emt 0:02:30]} Be6 $146 {[%emt 0:13:30]} ({Predecessor:} 12... c6 13. Qf3 Nbd5 14. Nxd5 cxd5 15. Bf4 Be6 16. Rad1 Rc8 17. Re2 {0-1 (31) Also Alvarado,L (2178)-Menvielle Laccourreye,A (2265) Gran Canaria 2011}) 13. Bxe6 {[%emt 0:05:30]} fxe6 {[%emt 0:00:30]} 14. Ng4 {[%emt 0:00:00]} Qd7 {[%emt 0:03:30]} 15. Qf3 {[%emt 0:22:00]} Nfd5 {[%emt 0:07:30]} 16. Qe2 {[%emt 0:10:30]} Rae8 {[%emt 0:01:30]} 17. Ne4 {[%emt 0:00:30]} Nf4 {[%emt 0:07:30]} 18. Bxf4 {[%emt 0:01:30]} Rxf4 {[%emt 0:00:00]} 19. g3 {[%emt 0:03:30]} Rf5 {[%emt 0:02:00]} 20. Ne3 {[%emt 0:11:30]} Rff8 {[%emt 0:00:30]} 21. Qh5 {[%emt 0:05:34]} e5 {[%emt 0:13:30]} 22. Ng4 {[%emt 0:04:56]} exd4 {[%emt 0:02:15]} 23. Nef6+ {[%emt 0:00:53]} gxf6 {[%emt 0:01:05]} 24. Rxe8 {[%emt 0:00:09]} Qxe8 {[%emt 0:08:58]} 25. Nxf6+ {[%emt 0:00:06]} Rxf6 {[%emt 0:00:17]} 26. Qxe8+ {[%emt 0:00:04]} Kg7 {[%emt 0:04:11]} 27. Rd1 {[%emt 0:01:02]} Bc5 {[%emt 0:00:59]} 28. Qe5 {[%emt 0:03:04]} Nd7 {[%emt 0:01:27]} 29. Qxc7 {[%emt 0:00:59]} Rf7 {[%emt 0:00:47]} 30. Rd3 {[%emt 0:01:05]} Re7 {[%emt 0:02:30]} 31. b4 {[%emt 0:05:19]} Bxb4 {[%emt 0:00:34]} 32. Rxd4 {[%emt 0:02:02]} Ne5 {[%emt 0:01:30]} 33. Qd8 {[%emt 0:00:33]} Bc5 {[%emt 0:01:09]} 34. Rf4 {[%emt 0:01:02]} Ng6 {[%emt 0:01:05]} 35. Rg4 {[%emt 0:00:53]} Rf7 $18 {[%emt 0:00:33]} 36. Qd3 {[%emt 0:02:48]} Rf6 {[%emt 0:00:30]} 37. Rxg6+ {[%emt 0:00:30]} Rxg6 {[%emt 0:00:30]} 38. Qc3+ {[%emt 0:00:30]} Rf6 {[%emt 0:00:30]} 39. Qxc5 {[%emt 0:00:00]} 1-0

[Event "Turkey IS Bank Super League 2017"]
[Site "Darica-Kocaeli"]
[Date "2017.08.04"]
[Round "11"]
[White "Tanriverdi, Enes"]
[Black "Ozen, Deniz"]
[Result "0-1"]
[WhiteElo "2247"]
[BlackElo "2351"]
[Annotator "NA"]
[PlyCount "126"]
[EventType "team-tourn"]
[EventCountry "TUR"]
[SourceTitle "playchess.com"]
[Source "ChessBase"]
[SourceQuality "1"]
[TimeControl "40/5400+30:1800+30"]

1. d4 {[%emt 0:00:30]} d5 {[%emt 0:01:00]} 2. c4 {[%emt 0:00:30]} c6 {[%emt 0:00:30]} 3. Nf3 {[%emt 0:00:30]} Nf6 {[%emt 0:00:00]} 4. e3 {[%emt 0:00:00]} Bf5 {[%emt 0:00:00]} 5. Nc3 {[%emt 0:00:00]} e6 {[%emt 0:00:00]} 6. Nh4 {[%emt 0:00:00]} Be4 {[%emt 0:00:00]} 7. f3 {[%emt 0:00:00]} Bg6 {[%emt 0:00:30]} 8. Qb3 {[%emt 0:00:30]} Qc7 {[%emt 0:00:30]} 9. Bd2 {[%emt 0:00:00] D12: Slav Defence: 3 Nf3 Nf6 4 e3 Bf5} Be7 {[%emt 0:00:00]} (9... a6 10. Rc1 dxc4 11. Bxc4 Nbd7 12. a4 Be7 13. g3 Bh5 14. O-O O-O 15. Ng2 Rad8 16. Nf4 Kh8 {½-½ (34) So,W (2822)-Caruana,F (2817) chess.com INT 2017}) 10. O-O-O {[%emt 0:00:00]} Nbd7 {[%emt 0:00:00]} 11. Nxg6 {[%emt 0:00:30]} hxg6 {[%emt 0:00:00]} 12. Kb1 {[%emt 0:00:30]} dxc4 {[%emt 0:00:00]} 13. Bxc4 {[%emt 0:00:30]} b5 {[%emt 0:00:30]} 14. Be2 {[%emt 0:00:30]} a6 {[%emt 0:06:30]} 15. Ne4 {[%emt 0:03:30]} O-O {[%emt 0:16:30]} 16. h4 {[%emt 0:04:30]} c5 {[%emt 0:00:30]} 17. Nxf6+ $146 {[%emt 0:04:30]} Nxf6 {[%emt 0:00:30]} 18. g4 {[%emt 0:06:30]} cxd4 {[%emt 0:00:30]} 19. e4 {[%emt 0:09:30]} Nd7 {[%emt 0:04:30]} 20. f4 {[%emt 0:01:30]} Nc5 {[%emt 0:00:30]} 21. Qf3 {[%emt 0:00:30]} Qb7 {[%emt 0:03:30]} 22. Bb4 {[%emt 0:03:30] [#]} (22. e5 $1 $11) 22... d3 $1 {[%emt 0:00:30]} 23. Bxd3 {[%emt 0:01:30]} (23. Bxc5 $17 dxe2 24. Rc1) 23... Nxd3 {[%emt 0:00:30]} 24. Bxe7 {[%emt 0:00:00] [#]} Qxe7 {[%emt 0:02:30]} ({Better is} 24... Nxb2 $1 $19 25. Bxf8 Nxd1) 25. Rxd3 {[%emt 0:00:00]} Rfd8 {[%emt 0:00:30]} 26. Rxd8+ {[%emt 0:11:30]} Rxd8 {[%emt 0:00:30]} 27. h5 {[%emt 0:02:30]} gxh5 {[%emt 0:01:30]} 28. gxh5 {[%emt 0:00:30]} Qd6 {[%emt 0:00:30]} 29. h6 {[%emt 0:01:30]} Qd3+ {[%emt 0:01:30]} 30. Qxd3 {[%emt 0:00:30]} Rxd3 {[%emt 0:00:00]} 31. f5 {[%emt 0:00:30]} exf5 {[%emt 0:02:00]} 32. exf5 {[%emt 0:00:00]} Rd6 {[%emt 0:00:00]} 33. hxg7 {[%emt 0:02:00]} Kxg7 {[%emt 0:01:00]} 34. Kc2 {[%emt 0:04:30]} Kf6 {[%emt 0:01:30]} 35. Rh5 {[%emt 0:12:30]} a5 {[%emt 0:04:30]} 36. Kc3 {[%emt 0:00:30]} Rd5 {[%emt 0:01:30]} 37. b4 {[%emt 0:00:30]} a4 {[%emt 0:00:00]} 38. Rh7 {[%emt 0:00:30]} Rxf5 {[%emt 0:02:00]} 39. Kd4 {[%emt 0:00:30]} Ke6 {[%emt 0:04:30]} 40. Rh8 {[%emt 0:00:00]} Rd5+ {[%emt 0:30:30]} 41. Ke3 {[%emt 0:01:00]} Rg5 {[%emt 0:00:00]} 42. Kd4 {[%emt 0:01:30]} Rd5+ {[%emt 0:00:00]} 43. Ke3 {[%emt 0:00:00]} f5 {[%emt 0:00:00]} 44. Re8+ {[%emt 0:00:00]} Kd7 {[%emt 0:00:00]} 45. Rf8 {[%emt 0:00:30]} Kd6 {[%emt 0:00:00]} 46. Rd8+ {[%emt 0:00:30]} Kc6 {[%emt 0:00:00]} 47. Rf8 {[%emt 0:00:00]} Re5+ {[%emt 0:00:00]} 48. Kd3 {[%emt 0:00:00]} Kd6 {[%emt 0:00:00]} 49. Rb8 {[%emt 0:01:30]} Ke6 {[%emt 0:00:00]} 50. Rb6+ {[%emt 0:00:30]} Kf7 {[%emt 0:00:00]} 51. a3 $17 {[%emt 0:03:30]} f4 {[%emt 0:00:00]} 52. Kd4 {[%emt 0:00:30]} Re3 {[%emt 0:00:00]} 53. Rxb5 {[%emt 0:00:30]} Kf6 {[%emt 0:00:00]} 54. Rb6+ {[%emt 0:02:30]} Kf5 {[%emt 0:00:00]} 55. b5 {[%emt 0:00:30]} Rxa3 {[%emt 0:00:00]} 56. Ra6 {[%emt 0:00:30]} Rb3 {[%emt 0:00:00]} 57. Kc4 {[%emt 0:00:30]} Ra3 {[%emt 0:00:00]} 58. b6 {[%emt 0:01:30]} f3 {[%emt 0:00:00]} 59. b7 {[%emt 0:03:30]} f2 {[%emt 0:00:00]} 60. Ra5+ {[%emt 0:00:30]} Kf6 {[%emt 0:00:00]} 61. b8=Q {[%emt 0:02:30]} f1=Q+ {[%emt 0:01:30]} 62. Kd5 {[%emt 0:01:30]} Qf3+ {[%emt 0:01:30]} 63. Kc5 {[%emt 0:00:30]} Rc3+ {[%emt 0:00:30]} 0-1

[Event "Turkey IS Bank Super League 2017"]
[Site "Darica-Kocaeli"]
[Date "2017.08.04"]
[Round "11"]
[White "Kiremitciyan, Ari"]
[Black "Kinsiz, Onur"]
[Result "1-0"]
[WhiteElo "2240"]
[BlackElo "2221"]
[Annotator "NA"]
[PlyCount "77"]
[EventType "team-tourn"]
[EventCountry "TUR"]
[SourceTitle "playchess.com"]
[Source "ChessBase"]
[SourceQuality "1"]
[TimeControl "40/5400+30:1800+30"]

1. e4 {[%emt 0:00:30]} d6 {[%emt 0:03:00]} 2. d4 {[%emt 0:00:30]} Nf6 {[%emt 0:00:30]} 3. Nc3 {[%emt 0:00:30]} e5 {[%emt 0:00:00]} 4. Nge2 {[%emt 0:00:00]} Nbd7 {[%emt 0:01:00]} 5. g3 {[%emt 0:01:00]} Be7 {[%emt 0:06:30]} 6. Bg2 {[%emt 0:00:30]} O-O {[%emt 0:01:30]} 7. O-O {[%emt 0:00:30]} c6 {[%emt 0:02:30]} 8. a4 {[%emt 0:00:30] LiveBook: 107 Games} a5 {[%emt 0:05:30] B07: Pirc Defence: Miscellaneous Systems} (8... Re8 9. h3 Bf8 10. d5 cxd5 11. exd5 h5 12. Be3 b6 13. Qd2 Ba6 14. Nb5 Nc5 15. Nec3 Qd7 16. b3 Bb7 {0-1 (39) Ghaem Maghami,E (2596)-Movsesian,S (2658) Berlin 2015}) 9. h3 {[%emt 0:00:30]} exd4 {[%emt 0:08:30]} 10. Qxd4 {[%emt 0:05:30]} Nc5 {[%emt 0:01:30]} 11. Be3 {[%emt 0:04:30]} Re8 $146 {[%emt 0:04:30]} ({Predecessor:} 11... Qc7 12. Rad1 Nfd7 13. f4 Re8 14. g4 Bf8 {1-0 (30) Narciso Dublan,M (2551)-Martin Consuegra,B (1886) San Sebastian 2013}) 12. Rad1 {[%emt 0:02:30]} Qb6 {[%emt 0:03:30]} 13. b3 {[%emt 0:08:30]} Qb4 {[%emt 0:08:30]} 14. f3 {[%emt 0:08:30]} Bf8 {[%emt 0:08:30]} 15. Bf2 {[%emt 0:03:30]} Be6 {[%emt 0:03:30]} 16. Nf4 {[%emt 0:05:30]} Rad8 {[%emt 0:10:30]} 17. g4 {[%emt 0:30:30]} Bc8 {[%emt 0:11:06]} 18. g5 {[%emt 0:01:30]} Nfd7 {[%emt 0:01:33]} 19. Qxb4 {[%emt 0:05:26]} axb4 {[%emt 0:00:07]} 20. Na2 {[%emt 0:00:07]} Na6 {[%emt 0:01:28]} 21. Be1 {[%emt 0:01:53]} c5 {[%emt 0:05:29]} 22. Nd5 {[%emt 0:00:18]} Ne5 {[%emt 0:00:24]} 23. f4 {[%emt 0:02:19]} Nc6 {[%emt 0:00:23]} 24. Bf2 {[%emt 0:00:01]} Be6 {[%emt 0:01:01]} 25. Nb6 {[%emt 0:05:57]} Nc7 {[%emt 0:04:10]} 26. f5 {[%emt 0:02:54]} Bc8 {[%emt 0:00:49]} 27. Nc1 {[%emt 0:01:10]} Ne5 {[%emt 0:04:48]} 28. Nd3 {[%emt 0:00:41]} Nxd3 {[%emt 0:02:38]} 29. Rxd3 {[%emt 0:00:30]} g6 {[%emt 0:00:28]} 30. Nxc8 {[%emt 0:04:15]} Rxc8 {[%emt 0:00:30]} 31. Bg3 {[%emt 0:00:13]} b5 {[%emt 0:00:20]} 32. Bxd6 {[%emt 0:03:04]} Bxd6 {[%emt 0:01:09]} 33. Rxd6 {[%emt 0:00:33]} bxa4 {[%emt 0:00:16]} 34. bxa4 {[%emt 0:00:00]} Rb8 $18 {[%emt 0:00:52]} (34... Rf8 $142 35. Rfd1 Rfe8) 35. Rd7 {[%emt 0:00:05]} Rbc8 {[%emt 0:00:27]} 36. e5 {[%emt 0:02:27]} Rxe5 {[%emt 0:00:30]} 37. Bb7 {[%emt 0:00:30]} Rb8 {[%emt 0:00:30]} 38. Rxc7 {[%emt 0:00:30]} gxf5 {[%emt 0:00:30]} 39. a5 {[%emt 0:00:00]} 1-0

[Event "Turkey IS Bank Super League 2017"]
[Site "Darica-Kocaeli"]
[Date "2017.08.04"]
[Round "11"]
[White "Tasdogen, Dincer"]
[Black "Ozenir, Ekin Baris"]
[Result "1-0"]
[WhiteElo "2215"]
[BlackElo "2098"]
[Annotator "ChessBase"]
[PlyCount "103"]
[EventType "team-tourn"]
[EventCountry "TUR"]
[SourceTitle "playchess.com"]
[Source "ChessBase"]
[SourceQuality "1"]
[TimeControl "40/5400+30:1800+30"]

1. e4 {[%emt 0:00:30]} Nc6 {[%emt 0:01:00]} 2. Nf3 {[%emt 0:00:30]} d6 {[%emt 0:00:30]} 3. d4 {[%emt 0:00:00]} Nf6 {[%emt 0:00:30]} 4. Nc3 {[%emt 0:00:00]} g6 {[%emt 0:00:30]} 5. Bb5 {[%emt 0:00:00]} a6 {[%emt 0:00:00]} 6. Bxc6+ {[%emt 0:00:00]} bxc6 {[%emt 0:00:00]} 7. h3 {[%emt 0:00:30]} Bg7 {[%emt 0:01:30]} 8. Be3 {[%emt 0:00:00]} O-O {[%emt 0:00:30]} 9. O-O {[%emt 0:00:00]} Bb7 {[%emt 0:03:30]} 10. Qd3 {[%emt 0:08:30]} Nd7 {[%emt 0:04:30]} 11. Rad1 {[%emt 0:05:30]} a5 {[%emt 0:05:30]} 12. Rfe1 {[%emt 0:13:30]} e5 {[%emt 0:20:30]} 13. dxe5 {[%emt 0:08:30]} Nxe5 {[%emt 0:01:30]} 14. Nxe5 {[%emt 0:00:30]} Bxe5 {[%emt 0:00:00]} 15. Bd4 {[%emt 0:09:30]} Qf6 {[%emt 0:04:00]} 16. Bxe5 {[%emt 0:06:30]} Qxe5 {[%emt 0:00:30]} 17. Qd4 {[%emt 0:01:30]} f6 {[%emt 0:05:30]} 18. b3 {[%emt 0:03:30]} Kg7 {[%emt 0:07:30]} 19. Qe3 {[%emt 0:12:30]} Rfe8 {[%emt 0:06:30]} 20. f4 {[%emt 0:08:30]} Qe6 {[%emt 0:05:30]} 21. e5 {[%emt 0:09:08]} fxe5 {[%emt 0:17:15]} 22. fxe5 {[%emt 0:00:06]} c5 {[%emt 0:02:41]} 23. Nb5 {[%emt 0:06:39]} Rac8 {[%emt 0:03:45]} 24. Qc3 {[%emt 0:01:04]} dxe5 {[%emt 0:02:17]} 25. Qxc5 {[%emt 0:00:04]} Re7 {[%emt 0:02:36]} 26. Re3 {[%emt 0:03:42]} Kg8 {[%emt 0:03:59]} 27. Rde1 {[%emt 0:01:28]} e4 {[%emt 0:00:08]} 28. Nc3 {[%emt 0:00:29]} Qd6 {[%emt 0:01:43]} 29. Qc4+ {[%emt 0:00:43]} Kg7 {[%emt 0:00:24]} 30. Nxe4 {[%emt 0:00:46]} Bxe4 {[%emt 0:00:34]} 31. Rxe4 {[%emt 0:00:04]} Rce8 {[%emt 0:00:36]} 32. Qc3+ {[%emt 0:00:24]} Kg8 {[%emt 0:00:45]} 33. Qc4+ {[%emt 0:00:30]} Kg7 {[%emt 0:00:00]} 34. Qc3+ {[%emt 0:00:34]} Kg8 {[%emt 0:00:19]} 35. Rxe7 {[%emt 0:00:30]} Rxe7 {[%emt 0:00:00]} 36. Qxa5 {[%emt 0:00:16]} Qd4+ {[%emt 0:01:02]} 37. Kh1 {[%emt 0:00:32]} Rd7 {[%emt 0:00:30]} 38. Qe5 {[%emt 0:00:30]} Qd2 {[%emt 0:00:55]} 39. Qe8+ {[%emt 0:00:59]} Kg7 {[%emt 0:00:11]} 40. Re7+ {[%emt 0:00:00]} Rxe7 {[%emt 0:30:37]} 41. Qxe7+ {[%emt 0:01:02]} Kh6 {[%emt 0:00:30]} 42. Qxc7 {[%emt 0:00:30]} Qc1+ {[%emt 0:00:00]} 43. Kh2 {[%emt 0:00:30]} Qa3 {[%emt 0:00:00]} 44. c4 {[%emt 0:01:30]} Qxa2 {[%emt 0:00:00]} 45. b4 {[%emt 0:00:00]} Qb2 {[%emt 0:00:00]} 46. b5 {[%emt 0:00:00]} g5 {[%emt 0:00:00]} 47. b6 {[%emt 0:01:30]} g4 {[%emt 0:00:00]} 48. Qf4+ {[%emt 0:00:30]} Kh5 {[%emt 0:00:00]} 49. Qxg4+ {[%emt 0:00:30]} Kh6 {[%emt 0:00:00]} 50. Qf4+ {[%emt 0:00:30]} Kh5 {[%emt 0:00:00]} 51. Qf3+ {[%emt 0:00:00]} Kh6 {[%emt 0:00:00]} 52. b7 {[%emt 0:00:00]} 1-0